000 00478nam a2200181Ia 4500
008 230711s9999||||xx |||||||||||||| ||und||
020 _a978-0-07-058515-7
041 _aENG
082 _a621.319
_bGR-P
100 _aGrainger,John J
245 0 _aPower system analysis
250 _a1st Ed.
260 _c2015
_aNew Delhi
_bMcGraw Hill Education(India) Private Limited
300 _a787p.
650 _aElectrical Engineering
700 _aStevenson,William D
942 _cBK
999 _c6242
_d6242